000 01045nam a22002651 4500
001 26303
003 BD-RjUL
005 20211209051009.0
008 140322s1968 pk c b 001 0 eng
035 _a(BD-RjUL)26373
040 _aDLC
_cDLC
_dDLC
_dBD-RjUL
_beng
041 _aeng
082 _a909.097671
_bIMM 1968
100 1 _aImamuddin, S. M.
_93473
245 1 2 _aA modern history of the Middle East and North Africa :
_ba concise modern history of the Muslim countries from Afghanistan to Morocco, covering the period from the Second World War (1939) to the break up of United Arab Republic (1961) and the growth of modern states in the Muslim countries /
_cS. M. Imamuddin.
260 _aDacca :
_bNajmahsons,
_cc1968.
300 _ax, 375 p. :
_bill., ports. ;
_c22 cm.
350 _a22.00
504 _aBibliography: p. [334]-340. and index.
651 0 _aMiddle East
_xPolitics and government.
_980871
651 0 _aAfrica, North
_xPolitics and government.
_980872
942 _2ddc
_cBK
999 _c26303
_d26303